|
|
|
|
| LEADER |
02701nam a22004815i 4500 |
| 001 |
978-3-319-01068-7 |
| 003 |
DE-He213 |
| 005 |
20151218141019.0 |
| 007 |
cr nn 008mamaa |
| 008 |
130719s2013 gw | s |||| 0|eng d |
| 020 |
|
|
|a 9783319010687
|9 978-3-319-01068-7
|
| 024 |
7 |
|
|a 10.1007/978-3-319-01068-7
|2 doi
|
| 040 |
|
|
|d GrThAP
|
| 050 |
|
4 |
|a QD478
|
| 072 |
|
7 |
|a TBN
|2 bicssc
|
| 072 |
|
7 |
|a SCI050000
|2 bisacsh
|
| 082 |
0 |
4 |
|a 541.2
|2 23
|
| 100 |
1 |
|
|a Hannestad, Jonas.
|e author.
|
| 245 |
1 |
0 |
|a Fluorescence in Bio-inspired Nanotechnology
|h [electronic resource] :
|b First as Probe, Then as Function /
|c by Jonas Hannestad.
|
| 264 |
|
1 |
|a Heidelberg :
|b Springer International Publishing :
|b Imprint: Springer,
|c 2013.
|
| 300 |
|
|
|a XII, 119 p.
|b online resource.
|
| 336 |
|
|
|a text
|b txt
|2 rdacontent
|
| 337 |
|
|
|a computer
|b c
|2 rdamedia
|
| 338 |
|
|
|a online resource
|b cr
|2 rdacarrier
|
| 347 |
|
|
|a text file
|b PDF
|2 rda
|
| 490 |
1 |
|
|a Springer Theses, Recognizing Outstanding Ph.D. Research,
|x 2190-5053
|
| 505 |
0 |
|
|a Introduction -- Being Bioinspired -- DNA: molecular recognition and information storage -- Photophysics -- Nanoscale photonic devices -- Lipids: soft, dynamic containers -- Methodology -- Summary of five papers -- Concluding remarks.
|
| 520 |
|
|
|a In his thesis Fluorescence in Bio-inspired Nanotechnology, Jonas Hannestad describes the evolving field of DNA nanotechnology in a lucid and easily accessible way. A central theme in the thesis is how biological structures and mechanisms constitute a basis for the design of novel technologies. Hannestad discusses how self-assembled, nanometer-scale DNA constructs can be functionalized using fluorescent labeling. In particular, he highlights how applications are based on fluorescence resonance energy transfer (FRET). Another important contribution is the development of a lipid monolayer platform for the step-by-step assembly of DNA nanoconstructs. The work in the thesis is based on five peer-reviewed papers published in high-profile journals, all of which involve major contributions from the author.
|
| 650 |
|
0 |
|a Chemistry.
|
| 650 |
|
0 |
|a Physical chemistry.
|
| 650 |
|
0 |
|a Nanochemistry.
|
| 650 |
|
0 |
|a Nanotechnology.
|
| 650 |
1 |
4 |
|a Chemistry.
|
| 650 |
2 |
4 |
|a Nanochemistry.
|
| 650 |
2 |
4 |
|a Physical Chemistry.
|
| 650 |
2 |
4 |
|a Nanotechnology.
|
| 710 |
2 |
|
|a SpringerLink (Online service)
|
| 773 |
0 |
|
|t Springer eBooks
|
| 776 |
0 |
8 |
|i Printed edition:
|z 9783319010670
|
| 830 |
|
0 |
|a Springer Theses, Recognizing Outstanding Ph.D. Research,
|x 2190-5053
|
| 856 |
4 |
0 |
|u http://dx.doi.org/10.1007/978-3-319-01068-7
|z Full Text via HEAL-Link
|
| 912 |
|
|
|a ZDB-2-CMS
|
| 950 |
|
|
|a Chemistry and Materials Science (Springer-11644)
|